| 000 | 01198nam a22002777a 4500 | ||
|---|---|---|---|
| 999 |
_c2456 _d2456 |
||
| 003 | AR-CdUCM | ||
| 008 | 190304b ||||| |||| 00| 0 spa d | ||
| 020 | _a9786124240119 | ||
| 040 |
_aMUNICIPALIDAD PROVINCIAL DEL CUSCO _cBIBLIOTECA MUNICIPAL DEL CUSCO |
||
| 082 |
_a344 / _bAG32 |
||
| 100 |
_aAguilar Cabrera, Denis A. _98783 |
||
| 245 |
_aDerecho Penal en la sociedad del riesgo : _bsobre la discusión en torno al derecho penal del enemigo y derecho penal funcional / |
||
| 260 |
_aLima : _bECB Ediciones S.A.C., _c2014. |
||
| 300 |
_a344 páginas ; _c24 cm. |
||
| 500 | _aPrólogo: Miguel Polaino-Orts. | ||
| 505 | _aContenido: La sociedad de riesgo -- Derecho Penal de riesgos -- Crimen organizado -- El delincuente imputable peligroso -- Derecho penal del enemigo -- Derecho penal moderno y política criminal -- Funcionamismo y derecho penal ... | ||
| 650 |
_aDerecho penal _95831 |
||
| 650 |
_aSociedad del riesgo _98784 |
||
| 650 |
_aDelincuencia _98785 |
||
| 650 |
_aDerecho penal funcional _98786 |
||
| 650 |
_aPerú _92178 |
||
| 650 |
_aCrimen organizado _98787 |
||
| 650 |
_aFuncionamiento - Derecho penal _98788 |
||
| 942 |
_2ddc _cLIBROS |
||
| 945 |
_alccs _d2019-03-04 |
||